Faculty of Law Library — Cairo University

Official Online Catalog

Dictionnaire juridique français–arabe / (Record no. 72862)

MARC details
000 -LEADER
fixed length control field 01126nam a2200325 i 4500
003 - CONTROL NUMBER IDENTIFIER
control field EG-GICUC
005 - DATE AND TIME OF LATEST TRANSACTION
control field 20260507101710.0
008 - FIXED-LENGTH DATA ELEMENTS--GENERAL INFORMATION
fixed length control field 260422s1903 lb||||frd||| 000 0 fre d
040 ## - CATALOGING SOURCE
Original cataloging agency EG-GiCUC
Language of cataloging fre
Transcribing agency EG-GiCUC
Modifying agency EG-GiCUC
Description conventions Rda
041 1# - LANGUAGE CODE
Language code of text/sound track or separate title fre
082 04 - DEWEY DECIMAL CLASSIFICATION NUMBER
Edition number 21
Classification number 343.03
Item number IB . D
092 04 - LOCALLY ASSIGNED DEWEY CALL NUMBER (OCLC)
Edition number 21
099 ## - LOCAL FREE-TEXT CALL NUMBER (OCLC)
Classification number Law1 10 343.03 IB . D 1903
100 1# - MAIN ENTRY--PERSONAL NAME
Personal name Ibrahim, Najjar
Relator term Auteur
245 10 - TITLE STATEMENT
Title Dictionnaire juridique français–arabe /
Statement of responsibility, etc. par Ibrahim Najjar, Ahmed Zaki Badaoui, Youssef Chellalah.
264 #1 - PRODUCTION, PUBLICATION, DISTRIBUTION, MANUFACTURE, AND COPYRIGHT NOTICE
Place of production, publication, distribution, manufacture Beyrouth :
Name of producer, publisher, distributor, manufacturer Librairie du Liban,
Date of production, publication, distribution, manufacture, or copyright notice 1903.
300 ## - PHYSICAL DESCRIPTION
Extent 292 page ؛
Dimensions 28 cm.
Other physical details illustration ;
336 ## - CONTENT TYPE
Source rda contenu
Content type term texte
337 ## - MEDIA TYPE
Source rda medias
Media type term Ordinateur
338 ## - CARRIER TYPE
Source transporteur rda
Carrier type term Ressource en ligne
504 ## - BIBLIOGRAPHY, ETC. NOTE
Bibliography, etc. note Includes bibliographical references.<br/><br/>
546 ## - LANGUAGE NOTE
Language note Texte en français avec quelques passages en arabe
650 1# - SUBJECT ADDED ENTRY--TOPICAL TERM
Topical term or geographic name entry element Sciences Criminelles
Source of heading or term qrmak
651 1# - SUBJECT ADDED ENTRY--GEOGRAPHIC NAME
Source of heading or term qrmak
700 1# - ADDED ENTRY--PERSONAL NAME
Personal name Badaoui, Ahmed Zaki
Relator term Auteur
700 1# - ADDED ENTRY--PERSONAL NAME
Personal name Chellalah, Youssef
Relator term Auteur
856 40 - ELECTRONIC LOCATION AND ACCESS
Uniform Resource Identifier <a href="https://fll.law.cu.edu.eg/fulltext/bks/B10-10320.pdf">https://fll.law.cu.edu.eg/fulltext/bks/B10-10320.pdf</a>
905 ## - Cataloger and Reviser Names
Cataloger Name: Habiba Yahya
942 ## - ADDED ENTRY ELEMENTS (KOHA)
Source of classification or shelving scheme Dewey Decimal Classification
Koha item type Books
Edition 21
Suppress in OPAC No
Holdings
Withdrawn status Lost status Source of classification or shelving scheme Damaged status Not for loan Collection Home library Current library Shelving location Date acquired Total checkouts Full call number Barcode Date last seen Copy number Price effective from Koha item type
    Dewey Decimal Classification   Not for loan القانون الجنائي جــــامعة القــاهرة مكتبة كلية الحقوق - المبنى الرئيسي Reference 22.04.2026   Law1 10 343.03 IB . D 1903 1010320 C1 B10-10320 22.04.2026 1 22.04.2026 Books

© All rights reserved — Faculty of Law, Cairo University